[Event "Cappelle op"]
[Site "Cappelle la Grande FRA"]
[Date "2016.02.16"]
[Round "5"]
[White "Gharamian, Tigran"]
[Black "Song, Michael"]
[Result "1-0"]
[WhiteElo "2643"]
[BlackElo "2376"]
[PlyCount "77"]
[GameId "2130307647853821"]
[EventDate "2016.02.13"]
[EventType "swiss"]
[EventRounds "9"]
[EventCountry "FRA"]
[SourceTitle "Mega2016 Update 21"]
[Source "Chessbase"]
[SourceDate "2016.02.26"]
[SourceVersion "1"]
[SourceVersionDate "2016.02.26"]
[SourceQuality "1"]

1. e4 e5 2. Nf3 Nc6 3. Bb5 Nf6 4. O-O Nxe4 5. Re1 Nd6 6. Nxe5 Be7 7. Bf1 Nf5 8. Nf3 O-O 9. d4 d5 10. Nc3 Bb4 11. Bf4 Nd6 12. Re3 Ne7 13. Rxe7 Bxc3 14. Re5 Bxb2 15. Rb1 Bc3 16. Rxd5 Be6 17. Rc5 Ne4 18. Rxc7 Ba5 19. Rcxb7 Bb6 20. Qd3 Bd5 21. R7xb6 axb6 22. c4 Bb7 23. d5 Nc5 24. Qc2 h6 25. Be3 Bc8 26. Ne5 Qf6 27. Nc6 Ra6 28. Bd4 Qg5 29. Be3 Qf6 30. Bd4 Qg5 31. Re1 Bd7 32. Re3 f6 33. Rg3 Qh5 34. Ne7+ Kf7 35. Be2 Qh4 36. Bxc5 bxc5 37. Ng6 Qd4 38. Nxf8 Qa1+ 39. Bf1 1-0

[Event "Cappelle op"]
[Site "Cappelle la Grande FRA"]
[Date "2016.02.17"]
[Round "6"]
[White "Song, Michael"]
[Black "Valuet, Bertrand"]
[Result "1-0"]
[WhiteElo "2376"]
[BlackElo "2253"]
[PlyCount "85"]
[GameId "2130307647862135"]
[EventDate "2016.02.13"]
[EventType "swiss"]
[EventRounds "9"]
[EventCountry "FRA"]
[SourceTitle "Mega2016 Update 21"]
[Source "Chessbase"]
[SourceDate "2016.02.26"]
[SourceVersion "1"]
[SourceVersionDate "2016.02.26"]
[SourceQuality "1"]

1. d4 d5 2. c4 c6 3. Nf3 Nf6 4. Qc2 e6 5. g3 Be7 6. Bg2 O-O 7. O-O b6 8. b3 Bb7 9. Nc3 Nbd7 10. Bf4 Nh5 11. Bd2 f5 12. h3 Bd6 13. Bg5 Be7 14. Bf4 Nxf4 15. gxf4 Bd6 16. e3 Ba6 17. Rfd1 Rc8 18. Ne2 Nf6 19. Ng3 Ne4 20. Nxe4 fxe4 21. Ne5 g5 22. f3 gxf4 23. exf4 Bxe5 24. fxe5 exf3 25. Bxf3 Qg5+ 26. Qg2 Qxg2+ 27. Kxg2 dxc4 28. Be2 Rf4 29. Kg3 Rcf8 30. Bg4 Kg7 31. Rac1 Rf2 32. bxc4 b5 33. d5 exd5 34. cxd5 cxd5 35. e6 Rxa2 36. Rc7+ Kg6 37. Rxd5 Ra3+ 38. Kh4 Re3 39. Rdc5 Kh6 40. Rh5+ Kg6 41. Rcxh7 Kf6 42. R5h6+ Ke5 43. e7 1-0

[Event "Wch U12"]
[Site "Caldas Novas BRA"]
[Date "2011.11.18"]
[Round "1.1"]
[White "Ieong, Seak Hin"]
[Black "Song, Michael"]
[Result "0-1"]
[WhiteElo "1634"]
[BlackElo "2032"]
[PlyCount "70"]
[GameId "2130307702643477"]
[EventDate "2011.11.18"]
[EventType "swiss"]
[EventRounds "9"]
[EventCountry "BRA"]

1. e4 c5 2. d4 cxd4 3. Nf3 Nc6 4. Nxd4 Nf6 5. Nc3 e5 6. Ndb5 d6 7. a4 Be7 8. f3 O-O 9. Bc4 Be6 10. Bd5 Rc8 11. Be3 a6 12. Na7 Nxa7 13. Bxa7 Bxd5 14. exd5 b6 15. a5 bxa5 16. Be3 Qc7 17. O-O Qb7 18. Ra3 Rc4 19. Qd3 Rfc8 20. Rd1 Bd8 21. Ra4 Rb4 22. b3 Bb6 23. Ra2 Rd4 24. Bxd4 Bxd4+ 25. Kh1 Bxc3 26. Ra4 Rc5 27. Qf5 Qd7 28. Qxd7 Nxd7 29. Rd3 Nb6 30. Re4 Kf8 31. f4 f5 32. Re2 Nxd5 33. fxe5 Nf4 34. Rxc3 Rxc3 35. Rf2 dxe5 0-1

[Event "Wch U12"]
[Site "Caldas Novas BRA"]
[Date "2011.11.19"]
[Round "2.1"]
[White "Song, Michael"]
[Black "Vykouk, Jan"]
[Result "1-0"]
[WhiteElo "2032"]
[BlackElo "1838"]
[PlyCount "85"]
[GameId "2130307702647587"]
[EventDate "2011.11.18"]
[EventType "swiss"]
[EventRounds "9"]
[EventCountry "BRA"]

1. d4 d5 2. c4 e6 3. Nf3 Nf6 4. g3 Be7 5. Bg2 c6 6. Qc2 O-O 7. O-O Nbd7 8. b3 b6 9. Nc3 Bb7 10. Rd1 Rc8 11. e4 dxe4 12. Nxe4 c5 13. Ne5 Nxe4 14. Bxe4 Bxe4 15. Qxe4 Nxe5 16. Qxe5 Bf6 17. Qe4 Bxd4 18. Bb2 e5 19. Rd2 Qc7 20. Re1 Rcd8 21. Kg2 Bxb2 22. Rxb2 f6 23. Rbe2 Rd4 24. Qf5 Qc8 25. Qxc8 Rxc8 26. f4 exf4 27. Re7 fxg3 28. hxg3 Kf8 29. Rxa7 Re8 30. Rxe8+ Kxe8 31. Rxg7 Rd2+ 32. Kf3 Rxa2 33. Rb7 Rh2 34. Rxb6 Kf7 35. Ke4 Kg6 36. Kd5 Rg2 37. Kxc5 Rxg3 38. Rb8 Rg5+ 39. Kd6 h5 40. c5 h4 41. c6 h3 42. Rh8 Rg3 43. Rg8+ 1-0

[Event "Wch U12"]
[Site "Caldas Novas BRA"]
[Date "2011.11.20"]
[Round "3"]
[White "Perske, Thore"]
[Black "Song, Michael"]
[Result "1/2-1/2"]
[WhiteElo "1923"]
[BlackElo "2032"]
[PlyCount "58"]
[GameId "2130307702647596"]
[EventDate "2011.11.18"]
[EventType "swiss"]
[EventRounds "9"]
[EventCountry "BRA"]
[SourceTitle "EXT 2013"]
[Source "ChessBase"]
[SourceDate "2012.11.22"]
[SourceVersion "1"]
[SourceVersionDate "2012.11.22"]
[SourceQuality "1"]

1. e4 c5 2. Nf3 Nc6 3. d4 cxd4 4. Nxd4 g6 5. Nc3 Bg7 6. Be3 Nf6 7. Bc4 Qa5 8. O-O O-O 9. Nb3 Qd8 10. f4 d6 11. Be2 Bd7 12. Bf3 Na5 13. Bd4 Bc6 14. Nd5 Nxb3 15. axb3 b6 16. Nxf6+ Bxf6 17. Bxf6 exf6 18. Qd4 Qe7 19. Rfe1 Rfe8 20. c3 Rad8 21. b4 Kg7 22. c4 Qc7 23. b5 Ba8 24. b4 Re6 25. Ra3 Rde8 26. g3 Qe7 27. Rae3 Kg8 28. Kf2 Bb7 29. h3 Ba8 1/2-1/2

[Event "Wch U12"]
[Site "Caldas Novas BRA"]
[Date "2011.11.20"]
[Round "4.1"]
[White "Song, Michael"]
[Black "Escalante Ramirez, Brian Sebastian"]
[Result "1-0"]
[WhiteElo "2032"]
[BlackElo "1880"]
[PlyCount "143"]
[GameId "2130307702651779"]
[EventDate "2011.11.18"]
[EventType "swiss"]
[EventRounds "9"]
[EventCountry "BRA"]

1. d4 Nf6 2. Nf3 e6 3. Bf4 b6 4. e3 Bb7 5. h3 Be7 6. Bd3 c5 7. O-O O-O 8. Nbd2 d5 9. c3 Nc6 10. Ne5 Nxe5 11. Bxe5 Ne4 12. Nf3 f6 13. Bh2 Bc6 14. Rc1 b5 15. Bb1 Be8 16. Qc2 g5 17. dxc5 Bxc5 18. Nd4 Bxd4 19. exd4 f5 20. Rfe1 Bd7 21. f3 Nf6 22. Qd2 Nh5 23. Re5 Ng7 24. Rce1 Qf6 25. Qd3 Qh6 26. Qd2 f4 27. Qe2 Rf7 28. Bd3 a6 29. Kf1 Rc8 30. Bg1 Qf6 31. Bf2 Qh6 32. Kg1 Ne8 33. Ra1 Nd6 34. Qe1 Qg7 35. Qf1 Rf6 36. Rae1 Nf7 37. R5e2 h5 38. Kh1 Nh6 39. g3 Rcf8 40. g4 hxg4 41. hxg4 Kf7 42. Bg1 Rh8 43. Rh2 Ng8 44. Ree2 Rfh6 45. b3 Ne7 46. Rxh6 Rxh6+ 47. Rh2 Nc6 48. Rxh6 Qxh6+ 49. Kg2 Qg7 50. Bb1 Ke7 51. Qd3 e5 52. dxe5 Qxe5 53. Bc5+ Kd8 54. Bb6+ Kc8 55. a4 Kb7 56. Bf2 Ne7 57. axb5 Bxb5 58. c4 Bc6 59. Qd4 Qxd4 60. Bxd4 dxc4 61. bxc4 Be8 62. Bf6 Ng8 63. Bxg5 Bf7 64. Bd3 Kc6 65. Bxf4 Kc5 66. Be3+ Kb4 67. c5 a5 68. c6 Be6 69. c7 Ne7 70. Bg5 Nc8 71. Bf5 Bxf5 72. gxf5 1-0

[Event "Wch U12"]
[Site "Caldas Novas BRA"]
[Date "2011.11.22"]
[Round "5.1"]
[White "Tari, Aryan"]
[Black "Song, Michael"]
[Result "1/2-1/2"]
[WhiteElo "2227"]
[BlackElo "2032"]
[PlyCount "67"]
[GameId "2130307702651839"]
[EventDate "2011.11.18"]
[EventType "swiss"]
[EventRounds "9"]
[EventCountry "BRA"]

1. e4 c5 2. Nf3 Nc6 3. d4 cxd4 4. Nxd4 Nf6 5. Nc3 e5 6. Ndb5 d6 7. Bg5 a6 8. Na3 b5 9. Bxf6 gxf6 10. Nd5 f5 11. c3 Bg7 12. Bd3 Be6 13. Nxb5 axb5 14. Bxb5 Bd7 15. exf5 O-O 16. O-O Kh8 17. Qf3 f6 18. Qe4 Rb8 19. a4 Qc8 20. g4 Qb7 21. Rfe1 Rfd8 22. Rad1 Ne7 23. Bxd7 Qxd7 24. Nxe7 Qxe7 25. Re2 Qb7 26. Qxb7 Rxb7 27. Red2 Rf8 28. b4 Rc8 29. Rd3 Rc4 30. f3 Rbc7 31. a5 Rxc3 32. Rxc3 Rxc3 33. b5 Ra3 34. a6 1/2-1/2

[Event "Wch U12"]
[Site "Caldas Novas BRA"]
[Date "2011.11.23"]
[Round "6.1"]
[White "Song, Michael"]
[Black "Zelesco, Karl"]
[Result "1-0"]
[WhiteElo "2032"]
[BlackElo "1976"]
[PlyCount "53"]
[GameId "2130307702655952"]
[EventDate "2011.11.18"]
[EventType "swiss"]
[EventRounds "9"]
[EventCountry "BRA"]

1. d4 d5 2. c4 e6 3. Nf3 Nf6 4. e3 Be7 5. b3 O-O 6. Bb2 b6 7. cxd5 exd5 8. Bd3 Bb7 9. O-O Nbd7 10. Nbd2 Re8 11. Rc1 c5 12. Qe2 Qc7 13. Ne5 Nxe5 14. dxe5 Nd7 15. f4 Red8 16. Qh5 h6 17. Rf3 Rf8 18. Rg3 Qc6 19. f5 Kh8 20. f6 Bxf6 21. exf6 Nxf6 22. Qf5 Bc8 23. Qf4 Ne8 24. Bb5 Qxb5 25. Bxg7+ Kh7 26. Bxf8 Be6 27. Qxh6# 1-0

[Event "Wch U12"]
[Site "Caldas Novas BRA"]
[Date "2011.11.24"]
[Round "7.1"]
[White "Lorparizangeneh, Shahin"]
[Black "Song, Michael"]
[Result "0-1"]
[WhiteElo "2175"]
[BlackElo "2032"]
[PlyCount "128"]
[GameId "2130307702655969"]
[EventDate "2011.11.18"]
[EventType "swiss"]
[EventRounds "9"]
[EventCountry "BRA"]

1. d4 Nf6 2. c4 g6 3. Nc3 d5 4. Nf3 Bg7 5. Bg5 Ne4 6. cxd5 Nxg5 7. Nxg5 e6 8. Qd2 h6 9. Nh3 exd5 10. Nf4 O-O 11. e3 Re8 12. O-O-O c6 13. Bd3 Nd7 14. h4 Nf6 15. f3 h5 16. g3 b5 17. Rhe1 Qb6 18. Kb1 Bb7 19. Qc2 Rac8 20. Bf1 Red8 21. Nd3 Bf8 22. Bh3 Rc7 23. Ne2 Bc8 24. Bxc8 Rcxc8 25. Rc1 Nd7 26. Nc5 Nxc5 27. dxc5 Qc7 28. g4 hxg4 29. fxg4 Qe5 30. h5 Bg7 31. Ka1 Re8 32. hxg6 fxg6 33. Nd4 Qe4 34. Qf2 a5 35. Qh4 Qe7 36. g5 Qe4 37. Qh2 Bxd4 38. Rh1 Bxb2+ 39. Qxb2 Qe5 40. Qxe5 Rxe5 41. Rh6 Rxg5 42. Rch1 Kf7 43. Rh7+ Ke6 44. Ra7 a4 45. Rhh7 Kf5 46. Rae7 Rg2 47. Rhf7+ Kg4 48. Rf4+ Kg5 49. Re5+ Kh6 50. Rf6 Kg7 51. Rf1 Rc7 52. Re6 a3 53. Kb1 Rb2+ 54. Ka1 Rg2 55. Kb1 b4 56. Rd6 Re7 57. Rxc6 Rxe3 58. Rb6 Rb2+ 59. Kc1 Rc3+ 60. Kd1 Rb1+ 61. Ke2 Rb2+ 62. Kd1 Rb1+ 63. Ke2 Rxf1 64. Kxf1 b3 0-1

[Event "Philadelphia op"]
[Site "Philadelphia USA"]
[Date "2011.04.20"]
[Round "2"]
[White "Tremblay, Rejean"]
[Black "Song, Michael"]
[Result "0-1"]
[WhiteElo "2234"]
[BlackElo "2062"]
[PlyCount "44"]
[GameId "2129405071670061"]
[EventDate "2011.04.20"]
[EventType "swiss"]
[EventRounds "9"]
[EventCountry "USA"]

1. e4 e5 2. Nf3 d6 3. d4 exd4 4. Qxd4 Nc6 5. Bb5 Nge7 6. Bg5 Bd7 7. Qe3 h6 8. Bh4 g5 9. Bg3 Bg7 10. Nc3 O-O 11. O-O-O a6 12. Be2 b5 13. h4 g4 14. Nh2 b4 15. Nb1 Qc8 16. Bf4 Re8 17. Qg3 h5 18. f3 Nf5 19. exf5 Rxe2 20. fxg4 hxg4 21. Qxg4 Rxc2+ 22. Kxc2 Bxf5+ 0-1

[Event "Pan American-ch U18"]
[Site "San Jose"]
[Date "2017.07.01"]
[Round "1"]
[White "Quesada Campos, Jordi Alessandre"]
[Black "Song, Michael"]
[Result "0-1"]
[WhiteElo "1906"]
[BlackElo "2410"]
[PlyCount "86"]
[GameId "1389603591778304"]
[EventDate "2017.07.01"]
[EventType "swiss"]
[EventRounds "9"]
[EventCountry "CRI"]
[SourceTitle "EXT 2022"]
[Source "ChessBase"]
[SourceDate "2021.10.06"]
[SourceVersion "1"]
[SourceVersionDate "2021.10.06"]
[SourceQuality "1"]

1. e4 c5 2. Nc3 e6 3. f4 Nc6 4. Nf3 a6 5. g3 d5 6. d3 Nf6 7. Bg2 Be7 8. O-O O-O 9. Ne5 Na5 10. Qe2 d4 11. Nd1 Nd7 12. Nf3 b5 13. Nf2 Bb7 14. Bd2 Rc8 15. c3 Nc6 16. b3 dxc3 17. Bxc3 Nb6 18. Qb2 Bf6 19. Bxf6 gxf6 20. Ng4 Kg7 21. Qd2 h5 22. Ne3 Nd4 23. Nh4 Rc7 24. f5 e5 25. Qd1 Rh8 26. g4 hxg4 27. Qxg4+ Kf8 28. Rf2 Ke7 29. Rc1 Qf8 30. Nf3 Qh6 31. Re1 Rcc8 32. Nxd4 Qxh2+ 33. Kf1 cxd4 34. Nd5+ Bxd5 35. exd5 Qh4 36. Qf3 Kd6 37. Qe2 Qg3 38. Rf3 Qg5 39. Qb2 b4 40. a3 Nxd5 41. axb4 Ne3+ 42. Rexe3 dxe3 43. Qa3 Rc1+ 0-1

[Event "Pan American-ch U18"]
[Site "San Jose"]
[Date "2017.07.02"]
[Round "2"]
[White "Song, Michael"]
[Black "Mc Intosh, Isaiah"]
[Result "1-0"]
[WhiteElo "2410"]
[BlackElo "2166"]
[PlyCount "72"]
[GameId "1389603591876608"]
[EventDate "2017.07.01"]
[EventType "swiss"]
[EventRounds "9"]
[EventCountry "CRI"]
[SourceTitle "EXT 2022"]
[Source "ChessBase"]
[SourceDate "2021.10.06"]
[SourceVersion "1"]
[SourceVersionDate "2021.10.06"]
[SourceQuality "1"]

1. d4 Nf6 2. c4 c5 3. d5 b5 4. cxb5 a6 5. bxa6 g6 6. Nc3 Bg7 7. e4 O-O 8. a7 Rxa7 9. Nf3 e6 10. Be2 exd5 11. exd5 d6 12. O-O Bg4 13. a4 Re8 14. Bb5 Ree7 15. h3 Bxf3 16. Qxf3 Nbd7 17. Bg5 h6 18. Be3 Qa5 19. Bd2 Qb4 20. Qd1 Nb6 21. Ra3 Ne4 22. Nxe4 Qxe4 23. b4 cxb4 24. Re3 Qh4 25. g3 Qxh3 26. Qf3 Re5 27. Rxe5 Bxe5 28. Be3 Rb7 29. Bc6 Rb8 30. a5 Na8 31. Ba7 Rf8 32. Rb1 f5 33. Bd7 Bc3 34. Qf4 Be5 35. Be6+ Kh8 36. Bd4 Qg4 1-0

[Event "Pan American-ch U18"]
[Site "San Jose"]
[Date "2017.07.02"]
[Round "3"]
[White "Wang, Justin"]
[Black "Song, Michael"]
[Result "0-1"]
[WhiteElo "2230"]
[BlackElo "2410"]
[PlyCount "110"]
[GameId "1389603591925760"]
[EventDate "2017.07.01"]
[EventType "swiss"]
[EventRounds "9"]
[EventCountry "CRI"]
[SourceTitle "EXT 2022"]
[Source "ChessBase"]
[SourceDate "2021.10.06"]
[SourceVersion "1"]
[SourceVersionDate "2021.10.06"]
[SourceQuality "1"]

1. e4 c5 2. c3 Nf6 3. e5 Nd5 4. Nf3 Nc6 5. Bc4 Nb6 6. Bb3 d5 7. exd6 c4 8. Bc2 e5 9. O-O Be6 10. d4 cxd3 11. Bxd3 h6 12. Bb5 Bxd6 13. Nbd2 Qc7 14. Qe2 O-O 15. Ne4 Be7 16. Ng3 Nd7 17. Re1 Rae8 18. b3 a6 19. Bc4 Bxc4 20. Qxc4 b5 21. Qd3 Nc5 22. Qc2 Rd8 23. Nf5 Nd3 24. Re2 Rfe8 25. Ng3 Bf8 26. Be3 e4 27. Ne1 Qd7 28. Rd2 f5 29. Rad1 Nce5 30. Nxd3 Nxd3 31. Ne2 Qc7 32. Bd4 Rc8 33. Nc1 Ne5 34. h3 Nc6 35. Ne2 f4 36. Qb2 f3 37. Ng3 Nxd4 38. Rxd4 Bc5 39. Nxe4 Bxd4 40. Rxd4 fxg2 41. Kxg2 Rcd8 42. Qd2 Rxd4 43. Qxd4 Qe5 44. Qxe5 Rxe5 45. Kf3 Rh5 46. Kg4 Rd5 47. f3 Rd1 48. c4 bxc4 49. bxc4 Ra1 50. c5 Rxa2 51. Kf5 Kf7 52. Ke5 Ke7 53. Kd5 Kd7 54. h4 Rc2 55. h5 a5 0-1

[Event "Pan American-ch U18"]
[Site "San Jose"]
[Date "2017.07.03"]
[Round "4"]
[White "Song, Michael"]
[Black "Cori Quispe, Kevin Joel"]
[Result "1/2-1/2"]
[WhiteElo "2410"]
[BlackElo "1919"]
[PlyCount "47"]
[GameId "1389603591962624"]
[EventDate "2017.07.01"]
[EventType "swiss"]
[EventRounds "9"]
[EventCountry "CRI"]
[SourceTitle "EXT 2022"]
[Source "ChessBase"]
[SourceDate "2021.10.06"]
[SourceVersion "1"]
[SourceVersionDate "2021.10.06"]
[SourceQuality "1"]

1. e4 c5 2. Nf3 e6 3. c3 Nf6 4. e5 Nd5 5. d4 cxd4 6. cxd4 b6 7. Nc3 Nxc3 8. bxc3 Bb7 9. Bd3 Be7 10. O-O O-O 11. Re1 d6 12. exd6 Qxd6 13. Ne5 Nd7 14. Bf4 Nxe5 15. Bxe5 Qd8 16. Qh5 f5 17. Re3 Qe8 18. Qxe8 Rfxe8 19. Bb5 Red8 20. Bc7 Rdc8 21. Bf4 Bd5 22. Bd7 Rc4 23. Rae1 Bf6 24. Bb5 1/2-1/2

[Event "Pan American-ch U18"]
[Site "San Jose"]
[Date "2017.07.03"]
[Round "5"]
[White "Li, Yinshi"]
[Black "Song, Michael"]
[Result "0-1"]
[WhiteElo "2144"]
[BlackElo "2410"]
[PlyCount "92"]
[GameId "1389603591999488"]
[EventDate "2017.07.01"]
[EventType "swiss"]
[EventRounds "9"]
[EventCountry "CRI"]
[SourceTitle "EXT 2022"]
[Source "ChessBase"]
[SourceDate "2021.10.06"]
[SourceVersion "1"]
[SourceVersionDate "2021.10.06"]
[SourceQuality "1"]

1. d4 Nf6 2. c4 g6 3. Nc3 Bg7 4. g3 d5 5. cxd5 Nxd5 6. Bg2 Nb6 7. e3 O-O 8. Nge2 c6 9. O-O e5 10. dxe5 Bxe5 11. e4 Qe7 12. Qc2 Na6 13. a3 Be6 14. b4 Rfd8 15. Bf4 Bg7 16. Rad1 Nc4 17. Bc1 Nc7 18. f4 a5 19. f5 Bd7 20. bxa5 Nxa5 21. Na4 Be8 22. Rxd8 Qxd8 23. Rd1 Qe7 24. Nb6 Rd8 25. Rxd8 Qxd8 26. Qd2 Qxd2 27. Bxd2 Nb3 28. Bf4 Nb5 29. Nc4 gxf5 30. exf5 Bf8 31. a4 N5d4 32. Nxd4 Nxd4 33. Nd6 Ne2+ 34. Kf1 Nxf4 35. Nxe8 Nxg2 36. Kxg2 Be7 37. Nc7 Kf8 38. a5 Bd6 39. a6 bxa6 40. Nxa6 Ke7 41. Kf3 Kf6 42. Ke4 Kg5 43. h3 h5 44. Kd4 Kxf5 45. Nc5 Bxc5+ 46. Kxc5 Ke4 0-1

[Event "Titled Tuesday intern op 15th Sept"]
[Site "Chess.com INT"]
[Date "2020.09.15"]
[Round "3"]
[White "Muromtsev, Arthur"]
[Black "Song, Michael"]
[Result "1-0"]
[WhiteElo "2161"]
[BlackElo "2421"]
[PlyCount "72"]
[GameId "1562924847099904"]
[EventDate "2020.09.15"]
[EventType "swiss (blitz)"]
[EventRounds "10"]
[EventCountry "USA"]
[SourceTitle "CBM 198 Extra"]
[Source "ChessBase"]
[SourceDate "2020.11.30"]
[SourceVersion "1"]
[SourceVersionDate "2020.11.30"]
[SourceQuality "1"]

1. e4 e5 2. Nc3 Nf6 3. g3 Nc6 4. Bg2 Bc5 5. Nge2 a6 6. O-O d6 7. d3 h5 8. h3 Be6 9. Nd5 Qd7 10. Kh2 O-O-O 11. c3 h4 12. g4 Nxg4+ 13. hxg4 Bxg4 14. f3 Be6 15. d4 Ba7 16. Be3 f5 17. dxe5 Bxe3 18. Nxe3 Nxe5 19. exf5 h3 20. Bh1 Bxf5 21. Ng3 Bd3 22. Rf2 g5 23. Ng4 Qb5 24. b3 Qc5 25. Qd2 Rhf8 26. Ne3 g4 27. f4 Ng6 28. Qxd3 Nxf4 29. Qd4 Qg5 30. Raf1 Ne6 31. Qe4 Rxf2+ 32. Rxf2 Nc5 33. Qf5+ Qxf5 34. Ngxf5 Re8 35. Nxg4 Nd3 36. Rd2 Nf4 1-0

[Event "Titled Tuesday intern op 15th Sept"]
[Site "Chess.com INT"]
[Date "2020.09.15"]
[Round "4"]
[White "Terletsky, Oleg"]
[Black "Song, Michael"]
[Result "0-1"]
[WhiteElo "2280"]
[BlackElo "2421"]
[PlyCount "100"]
[GameId "1562924848283648"]
[EventDate "2020.09.15"]
[EventType "swiss (blitz)"]
[EventRounds "10"]
[EventCountry "USA"]
[SourceTitle "CBM 198 Extra"]
[Source "ChessBase"]
[SourceDate "2020.11.30"]
[SourceVersion "1"]
[SourceVersionDate "2020.11.30"]
[SourceQuality "1"]

1. e4 e5 2. Nf3 Nc6 3. Nc3 Nf6 4. d4 exd4 5. Nxd4 Bb4 6. Nxc6 bxc6 7. Bd3 d5 8. exd5 cxd5 9. O-O O-O 10. Bg5 c6 11. Qf3 h6 12. Bxf6 Qxf6 13. Qxf6 gxf6 14. Ne2 Bd6 15. Ng3 a5 16. a4 Rb8 17. b3 Re8 18. Nf5 Bxf5 19. Bxf5 Re5 20. Bd3 Bb4 21. g3 Bc3 22. Rad1 Kf8 23. Kg2 Ke7 24. f4 Re3 25. Rf3 Rxf3 26. Kxf3 Kd6 27. Kg4 Kc5 28. Rf1 Kd4 29. Rf2 c5 30. Bb5 c4 31. bxc4 dxc4 32. Re2 Kc5 33. Re7 Rxb5 34. axb5 a4 35. Ra7 Kxb5 36. Kh5 Ba5 37. Rb7+ Bb6 38. Rd7 a3 39. Rd1 Kb4 40. Rb1+ Ka5 41. c3 Be3 42. Kxh6 Bd2 43. Ra1 Ka4 44. Kg7 Bxc3 45. Rxa3+ Kxa3 46. Kxf7 Bd4 47. f5 c3 48. h4 c2 49. h5 c1=Q 50. h6 Qxh6 0-1

[Event "Titled Tuesday intern op 15th Sept"]
[Site "Chess.com INT"]
[Date "2020.09.15"]
[Round "5"]
[White "Song, Michael"]
[Black "Hennigan, Michael"]
[Result "0-1"]
[WhiteElo "2421"]
[BlackElo "2391"]
[PlyCount "98"]
[GameId "1562924849348608"]
[EventDate "2020.09.15"]
[EventType "swiss (blitz)"]
[EventRounds "10"]
[EventCountry "USA"]
[SourceTitle "CBM 198 Extra"]
[Source "ChessBase"]
[SourceDate "2020.11.30"]
[SourceVersion "1"]
[SourceVersionDate "2020.11.30"]
[SourceQuality "1"]

1. d4 Nf6 2. Bg5 c5 3. d5 Qb6 4. Nc3 g6 5. Qd2 Bg7 6. Rb1 d6 7. e4 a6 8. f3 Qa5 9. a4 O-O 10. Nge2 b5 11. axb5 axb5 12. Nc1 b4 13. Nd1 Nbd7 14. Ne3 Nb6 15. Nc4 Nxc4 16. Bxc4 Ba6 17. Qe2 Bxc4 18. Qxc4 Qa6 19. Qxa6 Rxa6 20. Nd3 Rfa8 21. b3 Kf8 22. Kd2 Nd7 23. Be3 Ra2 24. Kd1 e6 25. dxe6 fxe6 26. Bc1 d5 27. exd5 exd5 28. Nf4 Nb6 29. Ne6+ Kf7 30. Nxg7 Kxg7 31. Re1 Kf6 32. Bf4 d4 33. Re5 R8a5 34. Bg3 g5 35. f4 gxf4 36. Bxf4 d3 37. cxd3 Rxg2 38. Re2 Rxe2 39. Kxe2 Nd5 40. Bd2 Ra2 41. Rf1+ Ke5 42. Rf7 Nc3+ 43. Ke3 Nd5+ 44. Ke2 Rb2 45. Rxh7 Rxb3 46. Rh5+ Ke6 47. h4 Rb1 48. Bf4 Nxf4+ 49. Kf3 Nxh5 0-1

[Event "Titled Tuesday intern op 15th Sept"]
[Site "Chess.com INT"]
[Date "2020.09.15"]
[Round "6"]
[White "Playa, Marcelo"]
[Black "Song, Michael"]
[Result "0-1"]
[WhiteElo "2376"]
[BlackElo "2421"]
[PlyCount "78"]
[GameId "1562924850069504"]
[EventDate "2020.09.15"]
[EventType "swiss (blitz)"]
[EventRounds "10"]
[EventCountry "USA"]
[SourceTitle "CBM 198 Extra"]
[Source "ChessBase"]
[SourceDate "2020.11.30"]
[SourceVersion "1"]
[SourceVersionDate "2020.11.30"]
[SourceQuality "1"]

1. e4 e5 2. Nf3 Nc6 3. d4 exd4 4. Bc4 Nf6 5. Ng5 Ne5 6. Qxd4 Nxc4 7. Qxc4 d5 8. exd5 Qxd5 9. Qe2+ Be6 10. O-O O-O-O 11. Nc3 Qf5 12. Nxe6 fxe6 13. Be3 a6 14. Rfe1 Bb4 15. Rad1 Bxc3 16. bxc3 Rxd1 17. Rxd1 Rd8 18. Rxd8+ Kxd8 19. Qd3+ Nd7 20. Bd4 g6 21. f3 c5 22. Bf2 Qd5 23. c4 Qxd3 24. cxd3 Ne5 25. Bxc5 Nxd3 26. Bd4 Nc1 27. Bf6+ Kd7 28. a3 Kc6 29. Be7 Nd3 30. g4 Ne5 31. Kf2 Nxc4 32. h4 b5 33. h5 gxh5 34. gxh5 Kd5 35. Kg3 e5 36. Kg4 a5 37. Kg5 Nd6 38. Kf6 b4 39. axb4 axb4 0-1

[Event "Titled Tuesday intern op 15th Sept"]
[Site "Chess.com INT"]
[Date "2020.09.15"]
[Round "10"]
[White "Muminova, Nafisa"]
[Black "Song, Michael"]
[Result "0-1"]
[WhiteElo "2274"]
[BlackElo "2421"]
[PlyCount "78"]
[GameId "1562924852867072"]
[EventDate "2020.09.15"]
[EventType "swiss (blitz)"]
[EventRounds "10"]
[EventCountry "USA"]
[SourceTitle "CBM 198 Extra"]
[Source "ChessBase"]
[SourceDate "2020.11.30"]
[SourceVersion "1"]
[SourceVersionDate "2020.11.30"]
[SourceQuality "1"]

1. d4 Nf6 2. Nc3 d5 3. Bf4 a6 4. e3 Bf5 5. f3 e6 6. g4 Bg6 7. h4 h5 8. g5 Nfd7 9. Bd3 Bxd3 10. Qxd3 c5 11. g6 f6 12. Nh3 Nc6 13. O-O Qb6 14. e4 cxd4 15. exd5 dxc3+ 16. Be3 Bc5 17. dxc6 Bxe3+ 18. Kg2 bxc6 19. Rfe1 cxb2 20. Rab1 Ne5 21. Qxe3 Qxe3 22. Rxe3 Nxg6 23. Rxb2 Nxh4+ 24. Kf2 e5 25. Rb6 O-O 26. Rxc6 Nf5 27. Rd3 Nd4 28. Rc7 Rfc8 29. Rxc8+ Rxc8 30. c3 Nb5 31. a4 Nxc3 32. Rd6 Nxa4 33. Rxa6 Nc5 34. Ra3 Ne6 35. Kg3 g5 36. Ra7 Rf8 37. Re7 Ng7 38. Nf2 Nf5+ 39. Kg2 Nxe7 0-1

[Event "Titled Tuesday intern op 22nd Sept"]
[Site "Chess.com INT"]
[Date "2020.09.22"]
[Round "2"]
[White "Song, Michael"]
[Black "Gajewski, Grzegorz"]
[Result "1/2-1/2"]
[WhiteElo "2421"]
[BlackElo "2616"]
[PlyCount "109"]
[GameId "1565481503870976"]
[EventDate "2020.09.22"]
[EventType "swiss (blitz)"]
[EventRounds "10"]
[EventCountry "USA"]
[SourceTitle "CBM 198 Extra"]
[Source "ChessBase"]
[SourceDate "2020.11.30"]
[SourceVersion "1"]
[SourceVersionDate "2020.11.30"]
[SourceQuality "1"]

1. d4 Nf6 2. Bg5 d5 3. Nd2 c5 4. dxc5 e6 5. e4 Bxc5 6. Bd3 h6 7. Bh4 Be7 8. exd5 Qxd5 9. Ngf3 Nc6 10. a3 O-O 11. Qe2 b6 12. Ne4 Nxe4 13. Qxe4 f5 14. Qxd5 exd5 15. Bb5 Bb7 16. Bxc6 Bxc6 17. Bxe7 Rfe8 18. Nd4 Rxe7+ 19. Kd2 Bd7 20. Rae1 Rae8 21. Rxe7 Rxe7 22. Re1 Re4 23. c3 f4 24. f3 Rxe1 25. Kxe1 Kf7 26. Kd2 g5 27. b4 Kf6 28. b5 Ke5 29. a4 h5 30. Kd3 Kd6 31. Ne2 Kc5 32. h4 Bf5+ 33. Kd2 gxh4 34. Nxf4 Kc4 35. Nxh5 Kb3 36. g4 hxg3 37. Nxg3 Bg6 38. Ne2 Kxa4 39. Nd4 Be8 40. f4 Bxb5 41. f5 Be8 42. f6 a5 43. Nf5 Kb3 44. Nd6 Bg6 45. f7 Bxf7 46. Nxf7 a4 47. Ne5 a3 48. Nd3 a2 49. Nc1+ Kb2 50. Nxa2 Kxa2 51. Kd3 Kb2 52. c4 dxc4+ 53. Kxc4 Ka3 54. Kb5 Kb3 55. Kxb6 1/2-1/2